| 000 | 00604nam a22001937a 4500 | ||
|---|---|---|---|
| 999 |
_c190541 _d190541 |
||
| 005 | 20220727144632.0 | ||
| 010 | _aENG-134020 | ||
| 020 |
_a9789389658392 _c240.00 |
||
| 035 | _aEN-117552 | ||
| 037 | _bDBAD/PUB | ||
| 082 | _a621.317 | ||
| 100 | _aJegadeesan, M. | ||
| 245 |
_aPower Electronics For Renewable Energy systems/ _cM.Jegadeesan & S. Venkatesan |
||
| 260 |
_aMadurai _bShanlax Publications _c2019 |
||
| 270 |
_a61,66 T.P.K. Main Road, Vasanata Nagar _bMadurai _e625003 |
||
| 300 |
_a164p. _c21cm(pbk) _bill. |
||
| 700 | _aVenkatesan, S. | ||
| 942 |
_2ddc _cEN _h621.317 _mJEG |
||